000 00773nam a2200253Ia 4500
003 OSt
005 20220923211534.0
006 a|||||r|||| 00| 0
007 ta
008 Pun
020 _a9789382455110 (hbk)
_c400
024 _a280,677
037 _b804, 09/03/2014, H.K. Prakashan
_cTextual
040 _aARTS
_cARTS
_bPun
041 _2Pun
_aPun
082 _aO44,3x, 153Q3
100 _aਸਿੰਘ, ਰਵੇਲ
245 0 _aਭਾਰਤੀ ਕਹਾਣੀ
260 _aਦਿੱਲੀ
_b ਪੰਜਾਬੀ ਅਕਾਦਮੀ
_c2013
300 _a239ਪੰ
_ccm.
650 _aਪੰਜਾਬੀ ਸਾਹਿਤ
942 _hO44,3x, 153Q3
_cTEXL
_2CC
999 _c300582
_d300582